• 首页
  • 本馆介绍
  • 公告通知
  • 最新文献
  • 馆藏检索
  • 电子资源
  • 读者导购
  • 参考咨询
  • 我的图书馆
  • 登录
  • 详细信息显示
  • 放入我的书架
  • 预约/预借图书
  • 作者相关作品
  • 分类相关作品
  • 丛书相关作品
  • 出版社相关作品

书目信息

  • 表格格式
  • 工作单格式
  • 卡片格式
题名:
手工应用教程
    
 
作者: 沈建洲 主编
分册:  
出版信息: 上海   复旦大学出版社有限公司  2019.10
页数: 157页
开本: 30cm
丛书名:
单 册:
中图分类: G613.6 , G614
科图分类:
主题词: 幼儿园--手工艺品--制作--高等教育--教材 , 幼儿园--教具--制作--高等教育--教材
电子资源:
ISBN: 978-7-309-13739-2
000 00954nam0 2200277 450
001 0103152649
005 20201104094155.24
010    @a978-7-309-13739-2@dCNY35.00
100    @a20181129d2019 em y0chiy50 ea
101 0  @achi
102    @aCN@b310000
105    @aa z 000yy
106    @ar
200 1  @a手工应用教程@Ashou gong ying yong jiao cheng@f沈建洲主编
205    @a2版
210    @a上海@c复旦大学出版社有限公司@d2019.10
215    @a157页@c彩图@d30cm
300    @a普通高等教育“十一五”国家级规划教材全国学前教育专业(新课程标准)“十三五”规划教材美术类
330    @a本书收编了偶制作、幼儿园环境创设、科技小制作、游戏材料制作、幼儿园舞台美术与幼儿演出化妆等内容。
606 0  @a幼儿园@x手工艺品@x制作@x高等教育@j教材
606 0  @a幼儿园@x教具@x制作@x高等教育@j教材
690    @aG613.6@v5
690    @aG614@v5
701  0 @a沈建洲@Ashen jian zhou@4主编
801  0 @aCN@bBJSZM@c20201103
905    @b1256241-5@dG613.6@e1049=2@f5
    
    手工应用教程/沈建洲主编.-2版.-上海:复旦大学出版社有限公司,2019.10
    157页:彩图;30cm
    普通高等教育“十一五”国家级规划教材全国学前教育专业(新课程标准)“十三五”规划教材美术类
    
    ISBN 978-7-309-13739-2:CNY35.00
    本书收编了偶制作、幼儿园环境创设、科技小制作、游戏材料制作、幼儿园舞台美术与幼儿演出化妆等内容。
●
相关链接 在E读中查询图书 在五车中查询图书 在当当中查询图书 在豆瓣中查询图书


正题名:手工应用教程     索取号:G613.6/1049=2         预约/预借

序号 登录号 条形码 馆藏地/架位号 状态 备注
1 1256241   212562412   第一样本阅览室/ [索取号:G613.6/1049=2] 在馆    
2 1256242   212562421   教育系资料室/ [索取号:G613.6/1049=2] 在馆    
3 1256243   212562430   教育系资料室/ [索取号:G613.6/1049=2] 在馆    
4 1256244   212562449   第四借阅区/ [索取号:G613.6/1049=2] 在馆    
5 1256245   212562458   第四借阅区/ [索取号:G613.6/1049=2] 在馆    
唐山师范学院图书馆 欢迎您!
大连网信软件有限公司© 版权所有